MARC details
| 000 -CABECERA |
| campo de control de longitud fija |
03403nam a2200481 a 4500 |
| 003 - IDENTIFICADOR DEL NÚMERO DE CONTROL |
| campo de control |
CHAP |
| 005 - FECHA Y HORA DE LA ÚLTIMA TRANSACCIÓN |
| campo de control |
20250121133629.0 |
| 007 - CAMPO FIJO DE DESCRIPCIÓN FÍSICA--INFORMACIÓN GENERAL |
| campo de control de longitud fija |
cr ||||||a|c|a |
| 008 - DATOS DE LONGITUD FIJA--INFORMACIÓN GENERAL |
| campo de control de longitud fija |
110120s2010 mx r 00010 spa d |
| 035 ## - NÚMERO DE CONTROL DEL SISTEMA |
| Número de control de sistema |
111960 |
| 040 ## - FUENTE DE LA CATALOGACIÓN |
| Centro/agencia transcriptor |
CHAP |
| 090 ## - LOCALMENTE ASIGNADO TIPO-LC NÚMERO DE CLASIFICACIÓN (OCLC); NÚMERO DE CLASIFICACIÓN LOCAL (RLIN) |
| Número de clasificación (OCLC) (R) ; Numero de clasificación, CALL (RLIN) (NR) |
Tesis |
| 100 1# - ENTRADA PRINCIPAL--NOMBRE DE PERSONA |
| Nombre de persona |
Castillo Ortega, José Feliciano. |
| 9 (RLIN) |
20191 |
| 245 10 - MENCIÓN DE TÍTULO |
| Título |
Respuesta del tomate (Lycopersicum esculentum Mill.) al acochado plástico y niveles de riego aplicados con cintilla |
| Mención de responsabilidad, etc. |
/por José Feliciano Castillo Ortega; director de tesis Marco Antonio Inzunza Ibarra. |
| 264 #1 - PRODUCCIÓN, PUBLICACIÓN, DISTRIBUCIÓN, FABRICACIÓN Y COPYRIGHT |
| Nombre del de productor, editor, distribuidor, fabricante |
El autor, |
| Fecha de producción, publicación, distribución, fabricación o copyright |
2010 |
| Producción, publicación, distribución, fabricación y copyright |
chapingo, Méx. : |
| 300 ## - DESCRIPCIÓN FÍSICA |
| Extensión |
1 recurso en línea (81 páginas): |
| Otras características físicas |
cuadros, figuras. |
| 336 ## - TIPO DE CONTENIDO |
| Fuente |
rdacontent |
| Término de tipo de contenido |
texto |
| Código de tipo de contenido |
txt |
| 337 ## - TIPO DE MEDIO |
| Fuente |
rdamedia |
| Nombre/término del tipo de medio |
computadora |
| Código del tipo de medio |
c |
| 338 ## - TIPO DE SOPORTE |
| Fuente |
rdacarrier |
| Nombre/término del tipo de soporte |
recursos en línea |
| Código del tipo de soporte |
cr |
| 502 ## - NOTA DE TESIS |
| Tipo de título |
Ingeniería en Sistemas Agrícolas |
| Nombre de la institución que otorga el título |
Unidad Regional Universitaria de Zonas Áridas, |
| Año de obtención del título |
2010 |
| Información miscelánea |
Licenciatura |
| 520 ## - SUMARIO, ETC. |
| Sumario, etc. |
El ensayo se llevó a cabo en las instalaciones experimentales del CENID-RASPA, INIFAP, en Gómez Palacio Durango, se evaluó el rendimiento y la eficiencia en el uso del agua (EUA), para el cultivo de tomate, variedad Yaqui, consistió en 12 tratamientos de una factorial 3x2x2, distribuidos en forma aleatoria en un diseño experimental completamente al azar. El primer factor Consistió de tres niveles: acolchado negro, acolchado plata y sin acolchar, el segundo factor fue el riego con cintilla a dos diferentes profundidades (enterrada a 25 cm y superficial). El tercer Factor fueron dos niveles de aplicación de agua, regar el 90% y 100% de la Evapotranspiración de referencia (ETm) Los resultados más altos de rendimiento de fruta y EUA, se mostraron en los tratamientos acolchados, con respecto a los tratamientos sin acolchar, estos fueron superiores en 44.9 y 33.3 % para color plata, negro con respecto al sin acolchar y superaron a este con un 45.1 y 36.8 para el caso de la EUA. En el tratamiento con acolchado plata, el rendimiento fue más alto, aunque no fue estadísticamente significativo, la colocación de la cintilla no influyó significativamente en los factores evaluados. Los niveles de riego influyeron significativamente en el rendimiento en un 12.6% el 90% de ETm (46 cm), con respecto al del 100% de la ETm (51 cm), esto posiblemente a la lixiviación de nutrientes. En cuanto a la EUA, se tuvo una diferencia significativa en los tratamientos con acolchado plata y negro con respecto al sin acolchado, con una producción media de 7.5, 6.5 y 4.1 kg m-3 respectivamente. |
| 650 14 - PUNTO DE ACCESO ADICIONAL DE MATERIA--TÉRMINO DE MATERIA |
| Término de materia o nombre geográfico como elemento de entrada |
Acolchado de suelos. |
| 9 (RLIN) |
623 |
| 650 14 - PUNTO DE ACCESO ADICIONAL DE MATERIA--TÉRMINO DE MATERIA |
| Término de materia o nombre geográfico como elemento de entrada |
Cultivos |
| Subdivisión general |
Comarca Lagunera. |
| 9 (RLIN) |
30242 |
| 650 14 - PUNTO DE ACCESO ADICIONAL DE MATERIA--TÉRMINO DE MATERIA |
| Término de materia o nombre geográfico como elemento de entrada |
Plásticos en agricultura. |
| 9 (RLIN) |
89199 |
| 650 14 - PUNTO DE ACCESO ADICIONAL DE MATERIA--TÉRMINO DE MATERIA |
| Término de materia o nombre geográfico como elemento de entrada |
Riego por cintillas. |
| 9 (RLIN) |
97377 |
| 650 14 - PUNTO DE ACCESO ADICIONAL DE MATERIA--TÉRMINO DE MATERIA |
| Término de materia o nombre geográfico como elemento de entrada |
Tomate. |
| 9 (RLIN) |
113672 |
| 700 1# - PUNTO DE ACCESO ADICIONAL--NOMBRE DE PERSONA |
| Nombre de persona |
Inzunza Ibarra, Marco Antonio |
| 9 (RLIN) |
60262 |
| Término indicativo de función/relación |
Director de tesis. |
| 856 ## - LOCALIZACIÓN Y ACCESO ELECTRÓNICOS |
| Identificador Uniforme del Recurso |
http://10.13.5.2/tesis/111960.pdf |
| Nota pública |
DESCARGAR PDF |
| 942 ## - ELEMENTOS DE PUNTO DE ACCESO ADICIONAL (KOHA) |
| Tipo de ítem Koha |
Tesis digital |
| Fuente del sistema de clasificación o colocación |
Clasificación Universidad Autónoma Chapingo |
| 590 ## - NOTA LOCAL (RLIN) |
| Nota local |
ALEPH |
| Procedencia (VM) [OBSOLETO] |
10 |
| Condición del los carretes individuales (VM) [OBSOLETO] |
20130110 |
| 590 ## - NOTA LOCAL (RLIN) |
| Nota local |
BATCH-UPD |
| Procedencia (VM) [OBSOLETO] |
10 |
| Condición del los carretes individuales (VM) [OBSOLETO] |
20130110 |
| 590 ## - NOTA LOCAL (RLIN) |
| Nota local |
BATCH-UPD |
| Procedencia (VM) [OBSOLETO] |
10 |
| Condición del los carretes individuales (VM) [OBSOLETO] |
20130410 |
| 590 ## - NOTA LOCAL (RLIN) |
| Nota local |
BATCH-UPD |
| Procedencia (VM) [OBSOLETO] |
10 |
| Condición del los carretes individuales (VM) [OBSOLETO] |
20130913 |
| 590 ## - NOTA LOCAL (RLIN) |
| Nota local |
BATCH-UPD |
| Procedencia (VM) [OBSOLETO] |
10 |
| Condición del los carretes individuales (VM) [OBSOLETO] |
20140324 |
| 590 ## - NOTA LOCAL (RLIN) |
| Nota local |
BATCH-UPD |
| Procedencia (VM) [OBSOLETO] |
10 |
| Condición del los carretes individuales (VM) [OBSOLETO] |
20141002 |
| 590 ## - NOTA LOCAL (RLIN) |
| Nota local |
BATCH |
| Procedencia (VM) [OBSOLETO] |
00 |
| Condición del los carretes individuales (VM) [OBSOLETO] |
20181121 |
| 590 ## - NOTA LOCAL (RLIN) |
| Nota local |
CONVERSION |
| Procedencia (VM) [OBSOLETO] |
10 |
| Condición del los carretes individuales (VM) [OBSOLETO] |
20130109 |
| 901 ## - ELEMENTOS DE DATOS A LOCAL LDA (RLIN) |
| a |
BK |
| 949 ## - PROCESAMIENTO DE INFORMACIÓN LOCAL (OCLC) |
| a |
Tesis |
| b |
BC |
| c |
TES |
| d |
33724002220132 |
| e |
TS2 |
| f |
c.2 |
| g |
DonaciØn |
| h |
51785 |
| i |
111960 |
| s |
b |
| 949 ## - PROCESAMIENTO DE INFORMACIÓN LOCAL (OCLC) |
| a |
Tesis |
| b |
BC |
| c |
TES |
| d |
33724002220173 |
| e |
TS1 |
| g |
DonaciØn |
| h |
51784 |
| i |
111960 |
| s |
b |